000 00237nam a22001097a 4500
082 _a808.3 SUY'D
100 _aSUYIN, HAN
_979460
245 _aDESTINATION CHUNGKING
260 _aLONDON
_bMAYFLOWER
_c1969
300 _a251P
942 _cBK
999 _c584504
_d584504